000 00348nam a22001337a 4500
005 20250918115351.0
008 250918b |||||||| |||| 00| 0 eng d
050 _aPA3000
_bTUR
100 _aTURGENEV IVAN
245 _aFIRST LOVE AND OTHER STORIES
260 _aLONDON
_bEVERYMAN PUBLISHERS PLC
_c1994
300 _axxxvii, 253p
942 _2lcc
_cBK
_n0
999 _c7584
_d7584